000
00314nam a2200121Ia 4500
008
220204s9999 xx 000 0 und d
082
_a
33:91
_b
INC
100
_a
INCH, John
245
0
_a
Economic geography for professional students
260
_a
London
_b
Pitman
_c
1977
650
_a
Economic geography
942
_c
BK
999
_c
32848
_d
32848